Philippine Cities Sudden Death - Statistics

General Stats
  • This quiz has been taken 140 times
  • The average score is 4 of 13
Answers on the Grid
Answers color-coded by a green-red scale on the quiz's grid according to % correct below.
Angeles
Bago
Clark
Manila
Luzon
Cebu City
Bohol
Bicol
Los Angeles
Valencia
Pasig City
Aragon
Santiago
Makati
Metro Manila
Taguig
Vanila
Marikina
Keso
General Santos
Paranaque
Quezon City
Visayas
Davao
Pasay
Mindanao
Tagaytay
Mindoro
Barcelona
Galicia
 
Answer Stats
Answer % Correct
Angeles
65%
Cebu City
51%
Manila
51%
Quezon City
33%
Pasig City
30%
Taguig
30%
Paranaque
24%
Davao
22%
General Santos
21%
Makati
19%
Pasay
17%
Tagaytay
17%
Marikina
14%
No matching quizzes found
Score Distribution
Percent of People with Each Score
Percentile by Number Answered
Your Score History
You have not taken this quiz